| 000 -LEADER |
| fixed length control field |
01185nam a22003377a 4500 |
| 001 - CONTROL NUMBER |
| control field |
4487930 |
| 003 - CONTROL NUMBER IDENTIFIER |
| control field |
OSt |
| 005 - DATE AND TIME OF LATEST TRANSACTION |
| control field |
20210426061734.0 |
| 008 - FIXED-LENGTH DATA ELEMENTS--GENERAL INFORMATION |
| fixed length control field |
970131s1997 nyu 001 0 eng |
| 010 ## - LIBRARY OF CONGRESS CONTROL NUMBER |
| LC control number |
97007023 |
| 020 ## - INTERNATIONAL STANDARD BOOK NUMBER |
| International Standard Book Number |
1883011450 (alk. paper) |
| 040 ## - CATALOGING SOURCE |
| Original cataloging agency |
DLC |
| Transcribing agency |
DLC |
| Modifying agency |
DLC |
| Language of cataloging |
eng |
| 041 ## - LANGUAGE CODE |
| Language code of text/sound track or separate title |
eng |
| 050 00 - LIBRARY OF CONGRESS CALL NUMBER |
| Classification number |
PS3537.T4753 |
| Item number |
A6 1997 |
| 080 ## - UNIVERSAL DECIMAL CLASSIFICATION NUMBER |
| Universal Decimal Classification number |
821.111 |
| Item number |
S-84 |
| 082 00 - DEWEY DECIMAL CLASSIFICATION NUMBER |
| Classification number |
811/.52 |
| Edition number |
21 |
| 100 1# - MAIN ENTRY--PERSONAL NAME |
| Personal name |
Stevens, Wallace, |
| Dates associated with a name |
1879-1955. |
| 240 10 - UNIFORM TITLE |
| Uniform title |
Works. |
| Form subheading |
Selections. |
| Date of a work |
1997 |
| 245 10 - TITLE STATEMENT |
| Title |
Collected poetry and prose / |
| Statement of responsibility, etc. |
Wallace Stevens. |
| Remainder of title |
/ by: Library of America |
| 246 18 - VARYING FORM OF TITLE |
| Title proper/short title |
Collected poetry & prose |
| 260 ## - PUBLICATION, DISTRIBUTION, ETC. |
| Place of publication, distribution, etc. |
New York |
| Name of publisher, distributor, etc. |
Library of America |
| -- |
Distributed to the trade in the U.S. by Penguin Books, |
| Date of publication, distribution, etc. |
c1997. |
| 300 ## - PHYSICAL DESCRIPTION |
| Extent |
xxii, 1032 p. |
| Dimensions |
21 cm. |
| 365 ## - TRADE PRICE |
| Price amount |
35 usd |
| 440 #4 - SERIES STATEMENT/ADDED ENTRY--TITLE |
| Title |
The library of America ; |
| Volume/sequential designation |
96 |
| 500 ## - GENERAL NOTE |
| General note |
Includes indexes. |
| 650 #0 - SUBJECT ADDED ENTRY--TOPICAL TERM |
| 9 (RLIN) |
247 |
| Topical term or geographic name entry element |
English literature |
| 653 ## - INDEX TERM--UNCONTROLLED |
| Uncontrolled term |
ინგლისური ლიტერატურა |
| 906 ## - LOCAL DATA ELEMENT F, LDF (RLIN) |
| a |
7 |
| b |
cbc |
| c |
orignew |
| d |
1 |
| e |
ocip |
| f |
19 |
| g |
y-gencatlg |
| 942 ## - ADDED ENTRY ELEMENTS (KOHA) |
| Source of classification or shelving scheme |
|
| Koha item type |
Books |